| 000 | 00453nam a2200133 a 4500 | ||
|---|---|---|---|
| 001 | 000040524 | ||
| 005 | 20201002034205.0 | ||
| 008 | 130829s2011 sp 000 0 spa d | ||
| 040 |
_aDO-SdBNP _bspa _cBNPHU |
||
| 245 | 0 | 0 |
_aGuía IV : _binformación y comunicación. |
| 260 |
_aSanto Domingo : _bContraloria General de la República, _c2011. |
||
| 300 |
_a49 p. ; _c22 cm. |
||
| 505 | 0 | _aPauta no. IV-001 dianóstico del componente información y cumunicación | |
| 999 |
_c40014 _d40014 |
||